[Event "Cto de Aragon por Equipos Preferente"]
[Site "?"]
[Date "2020.02.01"]
[Round "2.32"]
[White "Malo Guillen, Jose Luis"]
[Black "Escuer Sanchez, Nestor"]
[Result "1/2-1/2"]
[WhiteElo "2099"]
[BlackElo "2068"]
[PlyCount "35"]
[EventDate "2020.??.??"]
[WhiteTeam "Las Fuentes A"]
[BlackTeam "Enroque Barbastro"]

1. d4 Nf6 2. c4 e6 3. Nf3 Bb4+ 4. Bd2 Qe7 5. g3 b6 6. Bg2 Bb7 7. O-O O-O 8. Qc2
Bxd2 9. Nbxd2 c5 10. e4 cxd4 11. e5 Ng4 12. Ng5 Qxg5 13. Bxb7 Qh5 14. Nf3 Nc6
15. Bxa8 Rxa8 16. Qe4 Rd8 17. Kg2 Ngxe5 18. Nxd4 1/2-1/2

[Event "Cto de Aragon por Equipos Preferente"]
[Site "?"]
[Date "2020.02.01"]
[Round "2.33"]
[White "Campo Pelegrin, Ramon"]
[Black "Alonso Blasco, Jose Miguel"]
[Result "1/2-1/2"]
[WhiteElo "1778"]
[BlackElo "1955"]
[PlyCount "66"]
[EventDate "2020.??.??"]
[WhiteTeam "Enroque Barbastro"]
[BlackTeam "Las Fuentes A"]

1. e4 c6 2. d4 d5 3. Nd2 dxe4 4. Nxe4 Nf6 5. Ng3 e5 6. Nf3 exd4 7. Qxd4 Qxd4 8.
Nxd4 Bc5 9. Nb3 Bb6 10. Be2 O-O 11. O-O Be6 12. Bd2 a5 13. Rad1 Nbd7 14. Nc1
Rfd8 15. b3 a4 16. Bc3 axb3 17. axb3 Nd5 18. Bb2 Nb4 19. c4 Nc5 20. Bc3 Na2 21.
Rxd8+ Bxd8 22. Nxa2 Rxa2 23. Rd1 Bh4 24. b4 Nd7 25. Kf1 Be7 26. Ne4 h6 27. c5
b6 28. cxb6 Nxb6 29. b5 cxb5 30. Bxb5 Nd5 31. Be1 Nc7 32. Bd3 Ra3 33. f3 Rxd3
1/2-1/2

[Event "Cto de Aragon por Equipos Preferente"]
[Site "?"]
[Date "2020.02.01"]
[Round "2.34"]
[White "Matamoros Villarreal, Antonio"]
[Black "Sanclemente Aragues, Angel"]
[Result "1-0"]
[WhiteElo "1912"]
[BlackElo "1628"]
[PlyCount "113"]
[EventDate "2020.??.??"]
[WhiteTeam "Las Fuentes A"]
[BlackTeam "Enroque Barbastro"]

1. e4 c6 2. d3 d5 3. Nd2 e6 4. Ngf3 Ne7 5. g3 Ng6 6. Bg2 Bd6 7. O-O O-O 8. Re1
Nd7 9. h4 Qc7 10. h5 Nge5 11. Nxe5 Nxe5 12. d4 Nc4 13. e5 Be7 14. Nxc4 dxc4 15.
Qe2 b5 16. a4 Bb7 17. Qg4 f5 18. exf6 Bxf6 19. Qxe6+ Kh8 20. Bf4 Qf7 21. axb5
cxb5 22. Bxb7 Qxb7 23. c3 Rfd8 24. h6 Qd7 25. hxg7+ Bxg7 26. Ra6 Qxe6 27. Rexe6
Kg8 28. Be5 Rd7 29. Bxg7 Kxg7 30. Reb6 axb6 31. Rxa8 b4 32. Rb8 bxc3 33. bxc3
Rd6 34. Rc8 b5 35. Rc5 Rb6 36. Kg2 b4 37. cxb4 Rxb4 38. Kf3 c3 39. Ke3 Rb3 40.
Kd3 c2+ 41. Kxc2 Rf3 42. Re5 Rxf2+ 43. Kd3 Kf6 44. Re3 Rf1 45. Kc4 Rc1+ 46. Kd5
Rd1 47. Kc5 Rc1+ 48. Kd6 Ra1 49. Rf3+ Kg5 50. d5 h5 51. Ke7 Re1+ 52. Kd7 Kg4
53. Rc3 Kf5 54. d6 Rd1 55. Re3 Rd2 56. Ke7 Kg4 57. d7 1-0

[Event "Cto de Aragon por Equipos Preferente"]
[Site "?"]
[Date "2020.02.01"]
[Round "2.35"]
[White "Gracia Noguero, Javier"]
[Black "Querol Soro, Sergio"]
[Result "1/2-1/2"]
[WhiteElo "1256"]
[BlackElo "1870"]
[PlyCount "41"]
[EventDate "2020.??.??"]
[WhiteTeam "Enroque Barbastro"]
[BlackTeam "Las Fuentes A"]

1. e4 g6 2. Nf3 Bg7 3. Bc4 e6 4. d3 d5 5. exd5 exd5 6. Bb3 Qe7+ 7. Qe2 Qxe2+ 8.
Kxe2 Nf6 9. Re1 O-O 10. Kf1 c5 11. c3 Bf5 12. d4 Bd3+ 13. Kg1 Nbd7 14. Bf4 c4
15. Bd1 Rfe8 16. Rxe8+ Rxe8 17. Ba4 a6 18. Bxd7 Nxd7 19. Nbd2 b5 20. a4 bxa4
21. Rxa4 1/2-1/2

[Event "Cto de Aragon por Equipos Preferente"]
[Site "?"]
[Date "2020.02.01"]
[Round "2.36"]
[White "Fontana Sotomayor, Luis Javier"]
[Black "Galstyan, David"]
[Result "1-0"]
[WhiteElo "2264"]
[BlackElo "1825"]
[PlyCount "53"]
[EventDate "2020.??.??"]
[WhiteTeam "Jaime Casas B"]
[BlackTeam "El Olivar C"]

1. Nc3 Nf6 2. e4 e5 3. Bc4 Bc5 4. d3 d6 5. Na4 Bb6 6. Nxb6 axb6 7. Bb3 Nc6 8.
c3 Be6 9. Bxe6 fxe6 10. Nh3 Qe7 11. O-O O-O 12. f4 d5 13. fxe5 Nxe5 14. Bf4 Ng6
15. e5 Nxf4 16. Nxf4 Nd7 17. d4 c5 18. Qg4 Rfe8 19. a3 Nf8 20. h4 Kh8 21. Rf3
Rac8 22. Raf1 b5 23. b4 c4 24. Nh3 Ng6 25. Ng5 Nf8 26. Rf7 Qd8 27. Nxh7 1-0

[Event "Cto de Aragon por Equipos Preferente"]
[Site "?"]
[Date "2020.02.01"]
[Round "2.37"]
[White "Labrador Postigo, Francisco M"]
[Black "Rodriguez Leiva, Manuel"]
[Result "0-1"]
[WhiteElo "1822"]
[BlackElo "1820"]
[PlyCount "82"]
[EventDate "2020.??.??"]
[WhiteTeam "El Olivar C"]
[BlackTeam "Jaime Casas B"]

1. b3 e5 2. Bb2 Nc6 3. e3 Nf6 4. Bb5 d6 5. d4 exd4 6. exd4 Bd7 7. Nf3 Be7 8.
O-O O-O 9. Nbd2 Bg4 10. Re1 d5 11. a3 Bd6 12. h3 Bh5 13. Bd3 Bf4 14. Nf1 Re8
15. Rxe8+ Qxe8 16. g3 Bd6 17. Bf5 Ne7 18. Ne3 c6 19. g4 Bg6 20. Bxg6 Nxg6 21.
Nf5 Bc7 22. c4 Nf4 23. Qf1 Ne2+ 24. Kh1 Qe4 25. Qg2 Qc2 26. Re1 Qxb2 27. g5 Ne4
28. cxd5 Re8 29. Nh6+ Kf8 30. Ng4 Nf4 31. Qf1 Qxb3 32. Re3 Qxd5 33. h4 Nh5 34.
Qg2 Nd6 35. Nge5 Nf5 36. Re1 Bxe5 37. dxe5 g6 38. Qg4 c5 39. Kg2 Re6 40. Qa4
Ra6 41. Qg4 Rxa3 0-1

[Event "Cto de Aragon por Equipos Preferente"]
[Site "?"]
[Date "2020.02.01"]
[Round "2.38"]
[White "Salas Latorre, Jose"]
[Black "De La Riva Fernandez, Eduardo"]
[Result "1/2-1/2"]
[WhiteElo "1749"]
[BlackElo "1800"]
[PlyCount "59"]
[EventDate "2020.??.??"]
[WhiteTeam "Jaime Casas B"]
[BlackTeam "El Olivar C"]

1. d4 Nf6 2. Bg5 d5 3. Bxf6 exf6 4. e3 g6 5. Bd3 Bg7 6. Ne2 O-O 7. O-O f5 8. c4
c5 9. Nbc3 dxc4 10. Bxc4 cxd4 11. Nxd4 Bd7 12. Rc1 a6 13. Bb3 Nc6 14. Nf3 Re8
15. Rc2 Be6 16. Rd2 Qf6 17. Nd5 Bxd5 18. Bxd5 Rad8 19. Qb3 Ne7 20. Qxb7 Nxd5
21. Rxd5 Rxd5 22. Qxd5 Qxb2 23. Rd1 Bf6 24. Qc4 Qb5 25. Qc7 Re7 26. Qc8+ Kg7
27. h3 Re8 28. Qc7 Re7 29. Qc8 Re8 30. Qc7 1/2-1/2

[Event "Cto de Aragon por Equipos Preferente"]
[Site "?"]
[Date "2020.02.01"]
[Round "2.39"]
[White "Salete Sanchez, Victor"]
[Black "Buil Rello, Jose Antonio"]
[Result "0-1"]
[WhiteElo "1424"]
[BlackElo "1699"]
[PlyCount "110"]
[EventDate "2020.??.??"]
[WhiteTeam "El Olivar C"]
[BlackTeam "Jaime Casas B"]

1. d4 d6 2. c4 Nd7 3. Nf3 c6 4. Nc3 e5 5. dxe5 dxe5 6. e4 Be7 7. Be3 Qc7 8. Rb1
Ngf6 9. Bd3 O-O 10. O-O Nc5 11. Bxc5 Bxc5 12. b4 Be7 13. h3 h6 14. Qc2 Be6 15.
Qb2 Rfd8 16. Rfd1 Nd7 17. c5 Nf8 18. Bc2 Ng6 19. Ne2 Rxd1+ 20. Rxd1 Rd8 21.
Rxd8+ Bxd8 22. Bb3 Bxb3 23. Qxb3 Be7 24. Nc1 Nf4 25. Nd3 Nxd3 26. Qxd3 a5 27.
a3 Kf8 28. Qc3 axb4 29. axb4 Bf6 30. Qa3 Ke8 31. Qa8+ Kd7 32. Nd2 b5 33. Nf1
Bd8 34. Ne3 g6 35. Qa1 h5 36. g4 h4 37. Qc1 Bg5 38. Qd2+ Ke8 39. Qa2 Qd7 40.
Qa8+ Ke7 41. Qb8 Qd4 42. Qa7+ Kf6 43. Qc7 Bxe3 44. Qxc6+ Kg5 45. fxe3 Qxe3+ 46.
Kf1 Qxh3+ 47. Ke2 Qxg4+ 48. Kd2 Qg2+ 49. Kc3 Qf3+ 50. Kb2 Qe2+ 51. Kc3 h3 52.
Qd6 f6 53. c6 h2 54. c7 Qc4+ 55. Kb2 h1=Q 0-1

[Event "Cto de Aragon por Equipos Preferente"]
[Site "?"]
[Date "2020.02.01"]
[Round "2.40"]
[White "Romon Poves, Raul"]
[Black "Villalba Embid, Marcos"]
[Result "0-1"]
[WhiteElo "2237"]
[BlackElo "2054"]
[PlyCount "70"]
[EventDate "2020.??.??"]
[WhiteTeam "Shatranj"]
[BlackTeam "IberCaja B"]

1. c4 g6 2. Nc3 Bg7 3. g3 e5 4. Bg2 Nc6 5. d3 d6 6. Rb1 f5 7. Nf3 Nge7 8. O-O
O-O 9. Bd2 h6 10. b4 g5 11. b5 Nb8 12. Ne1 Nd7 13. Nc2 Nc5 14. Nb4 f4 15. a4 h5
16. Nbd5 Nf5 17. Ne4 Nxe4 18. Bxe4 Nh6 19. Bg2 h4 20. Ba5 Rf7 21. e3 hxg3 22.
fxg3 Bg4 23. Bf3 Bh3 24. Bg2 Bg4 25. Bf3 Bh3 26. Bh5 Rd7 27. Re1 fxg3 28. hxg3
g4 29. Bg6 b6 30. Bc3 Qg5 31. Be4 Rf8 32. Nb4 Kh8 33. Bd5 Nf5 34. Kh2 Bf6 35.
e4 Nxg3 0-1

[Event "Cto de Aragon por Equipos Preferente"]
[Site "?"]
[Date "2020.02.01"]
[Round "2.41"]
[White "Torcal Miguel, Oscar"]
[Black "Franco Ibanez, Carlos"]
[Result "1-0"]
[WhiteElo "2046"]
[BlackElo "1936"]
[PlyCount "51"]
[EventDate "2020.??.??"]
[WhiteTeam "IberCaja B"]
[BlackTeam "Shatranj"]

1. e4 e5 2. Nf3 Nc6 3. Bb5 a6 4. Ba4 Nf6 5. d3 d6 6. c3 Be7 7. Nbd2 O-O 8. Nf1
b5 9. Bb3 Be6 10. Ng3 Bxb3 11. Qxb3 Nd7 12. Be3 Na5 13. Qc2 Bf6 14. h4 c5 15.
Nf5 Qc7 16. Bg5 Rfe8 17. Qd2 g6 18. Bxf6 Nxf6 19. Rh3 Ng4 20. Rg3 h5 21. Nh6+
Nxh6 22. Qxh6 Rad8 23. Ng5 Rd7 24. Qh7+ Kf8 25. Rf3 f5 26. Qxg6 1-0

[Event "Cto de Aragon por Equipos Preferente"]
[Site "?"]
[Date "2020.02.01"]
[Round "2.42"]
[White "Del Corral Abancens, Alfonso"]
[Black "Sanchez Castro, Roberto"]
[Result "0-1"]
[WhiteElo "1876"]
[BlackElo "1943"]
[PlyCount "66"]
[EventDate "2020.??.??"]
[WhiteTeam "Shatranj"]
[BlackTeam "IberCaja B"]

1. e4 c5 2. d4 cxd4 3. c3 Nf6 4. e5 Nd5 5. cxd4 d6 6. Nf3 Nc6 7. Bc4 Nb6 8. Bb3
d5 9. h3 Bf5 10. Nc3 e6 11. a3 Be7 12. O-O O-O 13. Be3 Na5 14. Ba2 Nac4 15. Qe2
Rc8 16. Rac1 a6 17. Bb1 Bxb1 18. Rxb1 Nxe3 19. Qxe3 Nc4 20. Qe2 b5 21. Rfc1 Qd7
22. Nd1 h6 23. Ne3 a5 24. Nxc4 dxc4 25. Ra1 Qd5 26. Nh2 b4 27. axb4 axb4 28.
Nf1 Rfd8 29. Ne3 Qe4 30. f3 Qf4 31. Nxc4 Rxd4 32. Nd6 Bxd6 33. exd6 Qxd6 0-1

[Event "Cto de Aragon por Equipos Preferente"]
[Site "?"]
[Date "2020.02.01"]
[Round "2.43"]
[White "Garcia Monterde, Francisco Jose"]
[Black "Ballonga Arruebo, Alejandro"]
[Result "1/2-1/2"]
[WhiteElo "1847"]
[BlackElo "1677"]
[PlyCount "43"]
[EventDate "2020.??.??"]
[WhiteTeam "IberCaja B"]
[BlackTeam "Shatranj"]

1. c4 e6 2. g3 f5 3. Bg2 Nf6 4. Nc3 d5 5. d4 c6 6. Nf3 Bd6 7. O-O O-O 8. Ne5
Nbd7 9. Nxd7 Bxd7 10. f3 e5 11. cxd5 cxd5 12. dxe5 Qb6+ 13. Kh1 Bxe5 14. Nxd5
Qe6 15. f4 Bc6 16. Nxf6+ Bxf6 17. Qb3 Rfe8 18. Bxc6 Qxb3 19. axb3 bxc6 20. Re1
Bd4 21. Kg2 Rab8 22. Ra3 1/2-1/2

[Event "Cto de Aragon por Equipos Preferente"]
[Site "?"]
[Date "2020.02.01"]
[Round "2.44"]
[White "Lopez Caudevilla, David"]
[Black "Vallverdu Miret, Oscar"]
[Result "1-0"]
[WhiteElo "2163"]
[BlackElo "2098"]
[PlyCount "59"]
[EventDate "2020.??.??"]
[WhiteTeam "Actur Rey Fernando"]
[BlackTeam "Fraga"]

1. e4 c6 2. d3 d5 3. Nd2 e5 4. Ngf3 Bd6 5. Qe2 Qe7 6. g3 Nf6 7. Bg2 O-O 8. O-O
Nbd7 9. Re1 Re8 10. Nf1 h6 11. Ne3 Nc5 12. Nh4 dxe4 13. dxe4 Qc7 14. Nhf5 Bf8
15. Ng4 Nxg4 16. Qxg4 g6 17. Bxh6 Bxf5 18. exf5 Bxh6 19. b4 Nd7 20. fxg6 fxg6
21. Qxg6+ Bg7 22. b5 Nf8 23. Qg4 Qc8 24. Qa4 cxb5 25. Bd5+ Ne6 26. Qxb5 Re7 27.
Rab1 Rb8 28. Re4 Kf8 29. Rb3 Qe8 30. Rf3+ 1-0

[Event "Cto de Aragon por Equipos Preferente"]
[Site "?"]
[Date "2020.02.01"]
[Round "2.45"]
[White "Aribau Rivas, Miguel Angel"]
[Black "Abos Rosico, Antonio"]
[Result "1/2-1/2"]
[WhiteElo "2026"]
[BlackElo "2083"]
[PlyCount "64"]
[EventDate "2020.??.??"]
[WhiteTeam "Fraga"]
[BlackTeam "Actur Rey Fernando"]

1. c4 d6 2. Nc3 g6 3. g3 Bg7 4. Bg2 e5 5. Nf3 Nc6 6. O-O Nf6 7. d4 O-O 8. dxe5
dxe5 9. Qxd8 Rxd8 10. Bg5 Be6 11. Rac1 h6 12. Bxf6 Bxf6 13. b3 Bg7 14. Rfd1 Nb4
15. Nd2 c6 16. Nde4 Bf8 17. c5 Rd4 18. e3 Rd3 19. Bf1 Rdd8 20. a3 Nd5 21. b4
Nxc3 22. Nxc3 f5 23. Rxd8 Rxd8 24. Rd1 Rxd1 25. Nxd1 e4 26. Nb2 Bg7 27. Nc4
Bxc4 28. Bxc4+ Kf8 29. a4 Bc3 30. b5 cxb5 31. Bxb5 Ke7 32. c6 bxc6 1/2-1/2

[Event "Cto de Aragon por Equipos Preferente"]
[Site "?"]
[Date "2020.02.01"]
[Round "2.46"]
[White "Garcia Alvarez, Sergio"]
[Black "Casas Chine, German"]
[Result "0-1"]
[WhiteElo "1666"]
[BlackElo "1787"]
[PlyCount "86"]
[EventDate "2020.??.??"]
[WhiteTeam "Actur Rey Fernando"]
[BlackTeam "Fraga"]

1. e4 c5 2. Nf3 d6 3. Bb5+ Bd7 4. a4 g6 5. O-O Bg7 6. d3 Nc6 7. Bxc6 Bxc6 8. c4
e6 9. Re1 Ne7 10. Nc3 O-O 11. Be3 e5 12. Qd2 f5 13. Bh6 f4 14. Bg5 h6 15. Bxe7
Qxe7 16. Kf1 g5 17. Ng1 g4 18. f3 h5 19. Ke2 Qh4 20. h3 Bd7 21. Kd1 Qg3 22.
hxg4 hxg4 23. Kc2 Kf7 24. Nd5 Rh8 25. Re2 Rh2 26. b3 Bf6 27. Qe1 Rxg2 28. Qxg3
Rxg3 29. Rh2 Rh8 30. Rxh8 Bxh8 31. Rf1 Rg2+ 32. Kc3 g3 33. Re1 Rf2 34. Nc7 a6
35. Ra1 g2 36. Rc1 Rf1 37. Kd2 Bf6 38. Nd5 Bh4 39. Nc3 Bf2 40. Nce2 Be3+ 41.
Kc2 Bxc1 42. Nxc1 Rxg1 43. Ne2 Re1 0-1

[Event "Cto de Aragon por Equipos Preferente"]
[Site "?"]
[Date "2020.02.01"]
[Round "2.47"]
[White "Martinez Arbones, Victor"]
[Black "Arbiol Val, Sergio"]
[Result "1-0"]
[WhiteElo "1488"]
[BlackElo "1628"]
[PlyCount "53"]
[EventDate "2020.??.??"]
[WhiteTeam "Fraga"]
[BlackTeam "Actur Rey Fernando"]

1. e4 e5 2. Nf3 Nc6 3. d4 exd4 4. Nxd4 Bc5 5. Be3 Qf6 6. c3 Nge7 7. Be2 O-O 8.
O-O Ne5 9. f4 N5g6 10. b4 Bxd4 11. Bxd4 Qc6 12. f5 Nh8 13. f6 gxf6 14. Rxf6 d6
15. Qd2 Qxe4 16. Qh6 Nf5 17. Rxf5 f6 18. Bxf6 Rf7 19. Rf2 Ng6 20. Nd2 Qe6 21.
Qg5 c6 22. Bd3 Bd7 23. Bxg6 hxg6 24. Qxg6+ Kf8 25. Kf1 Re8 26. Qh6+ Kg8 27.
Qh8# 1-0

[Event "Cto de Aragon por Equipos Preferente"]
[Site "?"]
[Date "2020.02.01"]
[Round "2.48"]
[White "Buisan Zaharia, Pedro"]
[Black "Hinojar Basa, Alfonso"]
[Result "1/2-1/2"]
[WhiteElo "1904"]
[BlackElo "2170"]
[PlyCount "55"]
[EventDate "2020.??.??"]
[WhiteTeam "Jaque B"]
[BlackTeam "Marcos Frechin A"]

1. d4 Nf6 2. Nf3 e6 3. c4 d5 4. e3 b6 5. Bd3 Bb7 6. O-O Bd6 7. Nc3 a6 8. Qe2
Ne4 9. cxd5 exd5 10. Bxe4 dxe4 11. Nd2 O-O 12. Ndxe4 Bxe4 13. Nxe4 Bxh2+ 14.
Kxh2 Qh4+ 15. Kg1 Qxe4 16. f3 Qd5 17. Rd1 f5 18. Bd2 c6 19. b3 Nd7 20. Rac1
Rfc8 21. Qc4 b5 22. Qxd5+ cxd5 23. Kf2 Kf7 24. Ke2 Ke6 25. Kd3 Nf6 26. Be1 Ng8
27. Bb4 Nf6 28. Be1 1/2-1/2

[Event "Cto de Aragon por Equipos Preferente"]
[Site "?"]
[Date "2020.02.01"]
[Round "2.49"]
[White "Ciriano Lamban, Alejandro"]
[Black "Carrasquer Alonso, Luis"]
[Result "1-0"]
[WhiteElo "2043"]
[BlackElo "1818"]
[PlyCount "91"]
[EventDate "2020.??.??"]
[WhiteTeam "Marcos Frechin A"]
[BlackTeam "Jaque B"]

1. e4 e5 2. Nf3 Nc6 3. Bb5 a6 4. Ba4 Nf6 5. O-O d6 6. Re1 b5 7. Bb3 Na5 8. d4
Nxb3 9. axb3 exd4 10. e5 dxe5 11. Nxe5 Be6 12. Qe2 Be7 13. Rxa6 O-O 14. Nc6 Qd7
15. Nxe7+ Qxe7 16. Rxa8 Rxa8 17. Qxb5 Bd7 18. Rxe7 Bxb5 19. Na3 Re8 20. Rxe8+
Bxe8 21. Bf4 c5 22. f3 Bc6 23. Bd6 Nd7 24. Kf2 f6 25. Ke2 Kf7 26. b4 cxb4 27.
Bxb4 Ke6 28. Be1 Ne5 29. Bg3 Kd5 30. Bxe5 fxe5 31. Nb1 e4 32. fxe4+ Kxe4 33.
Nd2+ Kf4 34. Kd3 Bxg2 35. Kxd4 g5 36. Nc4 g4 37. Ne3 Bb7 38. b4 g3 39. hxg3+
Kxg3 40. Ke5 h5 41. b5 Bc8 42. b6 h4 43. Nf5+ Kg4 44. Nxh4 Kxh4 45. c4 Kg4 46.
c5 1-0

[Event "Cto de Aragon por Equipos Preferente"]
[Site "?"]
[Date "2020.02.01"]
[Round "2.50"]
[White "Yanez Acin, Gonzalo"]
[Black "Ruiperez Gumiel, Ramon"]
[Result "0-1"]
[WhiteElo "1638"]
[BlackElo "1889"]
[PlyCount "92"]
[EventDate "2020.??.??"]
[WhiteTeam "Jaque B"]
[BlackTeam "Marcos Frechin A"]

1. e4 g6 2. d4 Bg7 3. c3 f6 4. Bc4 e6 5. Bb3 d6 6. Be3 Nh6 7. h3 Nf7 8. Nd2 c6
9. Ne2 O-O 10. O-O d5 11. f4 Na6 12. Bc2 Qb6 13. b4 Bd7 14. Nb3 Rad8 15. Qe1
Nd6 16. Nc5 Bc8 17. e5 fxe5 18. dxe5 Nc4 19. Bd4 Qc7 20. Nxa6 bxa6 21. Bc5 Rf7
22. Nd4 Bf8 23. Nb3 a5 24. a3 a4 25. Nd4 Bxc5 26. bxc5 Qa5 27. Nxc6 Qxc5+ 28.
Nd4 Bd7 29. Kh2 Rdf8 30. g3 Rc8 31. Rf3 Rb8 32. Qc1 Nxe5 33. Rf1 Nc6 34. Bxa4
Nxd4 35. Bxd7 Rxd7 36. Rb1 Rxb1 37. Qxb1 Nc6 38. Qe1 Rd6 39. a4 d4 40. Rf3 d3
41. Qd2 Qd5 42. Re3 e5 43. c4 Qd4 44. fxe5 Nxe5 45. c5 Qxc5 46. Qa2+ Kg7 0-1

[Event "Cto de Aragon por Equipos Preferente"]
[Site "?"]
[Date "2020.02.01"]
[Round "2.51"]
[White "Lopez Lozano, David"]
[Black "Belenguer Randet, Jesus"]
[Result "1-0"]
[WhiteElo "1696"]
[BlackElo "1635"]
[PlyCount "81"]
[EventDate "2020.??.??"]
[WhiteTeam "Marcos Frechin A"]
[BlackTeam "Jaque B"]

1. c4 g6 2. Nc3 Bg7 3. g3 e6 4. Bg2 Nc6 5. Nf3 Nf6 6. e4 d6 7. O-O O-O 8. d4
Rb8 9. Bg5 Qd7 10. Qd2 e5 11. d5 Na5 12. b3 c6 13. Nh4 b6 14. Rad1 Nb7 15. Rfe1
a6 16. dxc6 Qxc6 17. Nd5 Nxd5 18. cxd5 Qd7 19. Rc1 Qg4 20. Rc7 Qh5 21. Rxc8
Rbxc8 22. Bf3 Rc2 23. Qxc2 Qxg5 24. Qc7 Nc5 25. Qxb6 Qd2 26. Re2 Qd3 27. Qxd6
g5 28. Qxc5 gxh4 29. Qe3 Qb1+ 30. Kg2 hxg3 31. hxg3 Rc8 32. Qd2 Rc1 33. Kh3 Rc8
34. d6 Rd8 35. Kg2 Bf8 36. Qg5+ Bg7 37. Qxd8+ Bf8 38. Qg5+ Bg7 39. d7 Qd1 40.
Rd2 Qxd2 41. Qxd2 1-0

[Event "Cto de Aragon por Equipos Preferente"]
[Site "?"]
[Date "2020.02.01"]
[Round "2.53"]
[White "Gonzalez-Mendoza Garcia, Jose A"]
[Black "Bailo Remacha, Santiago"]
[Result "1/2-1/2"]
[WhiteElo "1768"]
[BlackElo "1972"]
[PlyCount "129"]
[EventDate "2020.??.??"]
[WhiteTeam "Agrupacion C"]
[BlackTeam "El Olivar B"]

1. d4 Nf6 2. c4 g6 3. Nc3 d5 4. cxd5 Nxd5 5. e4 Nxc3 6. bxc3 Bg7 7. f4 c5 8.
Nf3 Nc6 9. e5 O-O 10. d5 Na5 11. c4 Qb6 12. Bd3 Qb4+ 13. Bd2 Qa3 14. Qc2 Bd7
15. Qc3 Qa4 16. Qxa5 b6 17. Qxa4 Bxa4 18. Rb1 Rab8 19. O-O Rfd8 20. Be3 f6 21.
g4 Bd7 22. e6 Bxe6 23. f5 Bf7 24. Bf4 Rb7 25. g5 e6 26. fxg6 hxg6 27. gxf6 Bxf6
28. Bg5 Bxg5 29. Nxg5 exd5 30. Nxf7 Rxf7 31. Rxf7 Kxf7 32. cxd5 Kg7 33. Bc4 Kf6
34. a4 Ke5 35. Rd1 g5 36. Kf2 Rf8+ 37. Kg3 Kd6 38. Bb5 Rf4 39. Bc6 a6 40. Re1
c4 41. Re6+ Kc5 42. Bb7 b5 43. Rc6+ Kxd5 44. Rxa6+ Kd4 45. axb5 c3 46. Rc6 Kd3
47. b6 c2 48. Ba6+ Kd2 49. Rxc2+ Kxc2 50. b7 Rb4 51. h3 Kd2 52. b8=Q Rxb8 53.
Kg4 Rg8 54. Bc4 Rg7 55. Be6 Ke3 56. Kf5 Re7 57. Bc8 Rc7 58. Be6 Rc5+ 59. Kg4
Re5 60. Bc8 Kd4 61. Kh5 Kd5 62. Kg4 Kd6 63. Kh5 Ke7 64. Kg6 Ra5 65. Bf5 1/2-1/2

[Event "Cto de Aragon por Equipos Preferente"]
[Site "?"]
[Date "2020.02.01"]
[Round "2.54"]
[White "Munoz Valles, Jorge"]
[Black "Domingo Romance, Agustin"]
[Result "1-0"]
[WhiteElo "1636"]
[BlackElo "1706"]
[PlyCount "87"]
[EventDate "2020.??.??"]
[WhiteTeam "El Olivar B"]
[BlackTeam "Agrupacion C"]

1. d4 d5 2. c4 e6 3. Nc3 Nf6 4. cxd5 exd5 5. Bg5 Be7 6. e3 Bf5 7. Qb3 b6 8.
Bxf6 Bxf6 9. Qxd5 Qxd5 10. Nxd5 Bd8 11. Rc1 c6 12. Nf4 O-O 13. Bd3 Bc8 14. Nf3
Bf6 15. Nh5 Be7 16. Ne5 Bb7 17. Be4 Rc8 18. d5 Bb4+ 19. Ke2 c5 20. a3 Ba5 21.
b4 Ba6+ 22. Kd1 cxb4 23. Rxc8+ Bxc8 24. d6 bxa3 25. Bxa8 Be6 26. Kc2 b5 27. Nf4
b4 28. Nxe6 fxe6 29. Nc6 Nxc6 30. Bxc6 Kf8 31. e4 Bb6 32. Kb3 a5 33. e5 Kf7 34.
g4 Kf8 35. f4 g6 36. h4 Bd8 37. h5 Kg7 38. h6+ Kf7 39. Rf1 Bb6 40. f5 exf5 41.
gxf5 gxf5 42. Rxf5+ Ke6 43. Rf8 a4+ 44. Bxa4 1-0

[Event "Cto de Aragon por Equipos Preferente"]
[Site "?"]
[Date "2020.02.01"]
[Round "2.55"]
[White "Conon, Catalin"]
[Black "Blancas Llopis, Ciro"]
[Result "1-0"]
[WhiteElo "1620"]
[BlackElo "1374"]
[PlyCount "75"]
[EventDate "2020.??.??"]
[WhiteTeam "Agrupacion C"]
[BlackTeam "El Olivar B"]

1. e4 e5 2. Nf3 Nc6 3. Bc4 Bc5 4. c3 Nf6 5. d4 exd4 6. e5 Qe7 7. cxd4 Bb4+ 8.
Nc3 d5 9. Bb5 Ne4 10. Qb3 O-O 11. O-O Bxc3 12. bxc3 Be6 13. Ba3 Na5 14. Qb4
Qxb4 15. Bxb4 Rfc8 16. Bxa5 b6 17. Bb4 a5 18. Ba3 Nxc3 19. Bd3 c5 20. dxc5 bxc5
21. Ng5 Bd7 22. Bxh7+ Kf8 23. Bd3 d4 24. Ne4 Na4 25. Rac1 Kg8 26. Nxc5 Nxc5 27.
Rxc5 Re8 28. f4 f6 29. exf6 gxf6 30. Bc4+ Kg7 31. Rc7 Red8 32. Bb5 Rac8 33.
Rfc1 Kg6 34. Rxd7 Rxc1+ 35. Bxc1 Rb8 36. a4 Rc8 37. Bb2 Rc2 38. Bd3+ 1-0

[Event "Cto de Aragon por Equipos Preferente"]
[Site "?"]
[Date "2020.02.01"]
[Round "2.56"]
[White "Jaques Burguete, Raul"]
[Black "Mombiela De Sus, Jose Luis"]
[Result "1/2-1/2"]
[WhiteElo "2001"]
[BlackElo "1933"]
[PlyCount "70"]
[EventDate "2020.??.??"]
[WhiteTeam "St. Casablanca C"]
[BlackTeam "Las Fuentes B"]

1. e4 d5 2. exd5 Nf6 3. Nf3 Bg4 4. d4 Qxd5 5. Be2 Nc6 6. c4 Qf5 7. h3 Bxf3 8.
Bxf3 O-O-O 9. Bxc6 Qe6+ 10. Qe2 Qxc6 11. d5 Nxd5 12. O-O Nb4 13. Be3 g5 14. Nc3
Kb8 15. Rad1 Bg7 16. a3 Bxc3 17. bxc3 Na6 18. Rxd8+ Rxd8 19. Bxg5 Re8 20. Rd1
b6 21. Be3 Rg8 22. f3 Nc5 23. Rd5 Na4 24. Qd3 Nb2 25. Qxh7 Qg6 26. Qxg6 Rxg6
27. c5 Nc4 28. Bc1 b5 29. c6 Rxc6 30. Rxb5+ Nb6 31. Bd2 Kc8 32. Rb3 Nc4 33. Bc1
f5 34. a4 Rd6 35. Kf2 e5 1/2-1/2

[Event "Cto de Aragon por Equipos Preferente"]
[Site "?"]
[Date "2020.02.01"]
[Round "2.57"]
[White "Morato Garcia, Jesus"]
[Black "Pellicer Abella, Emilio"]
[Result "1-0"]
[WhiteElo "1847"]
[BlackElo "1808"]
[PlyCount "57"]
[EventDate "2020.??.??"]
[WhiteTeam "Las Fuentes B"]
[BlackTeam "St. Casablanca C"]

1. d4 d5 2. c4 e6 3. Nc3 c6 4. cxd5 exd5 5. Nf3 f5 6. Bg5 Nf6 7. e3 Be7 8. Bd3
O-O 9. Qc2 Ne4 10. Bxe7 Qxe7 11. O-O Nd7 12. a3 a5 13. Rac1 g5 14. Ne2 Qg7 15.
b4 g4 16. Nd2 Ndf6 17. Nf4 h5 18. b5 Bd7 19. bxc6 bxc6 20. Rb1 Rab8 21. Nb3 g3
22. fxg3 Ng4 23. Rbe1 Nxh2 24. Kxh2 Qxg3+ 25. Kg1 Qg5 26. Bxe4 fxe4 27. Nc5 Qg4
28. Nxd7 Qxd7 29. Rc1 1-0

[Event "Cto de Aragon por Equipos Preferente"]
[Site "?"]
[Date "2020.02.01"]
[Round "2.58"]
[White "Gasca Uson, Miguel"]
[Black "Edeso Perez, Francisco"]
[Result "1/2-1/2"]
[WhiteElo "1421"]
[BlackElo "1786"]
[PlyCount "68"]
[EventDate "2020.??.??"]
[WhiteTeam "St. Casablanca C"]
[BlackTeam "Las Fuentes B"]

1. c4 c5 2. Nc3 Nf6 3. Nf3 Nc6 4. g3 e6 5. b3 Be7 6. Bg2 O-O 7. O-O Rb8 8. Bb2
a6 9. d4 cxd4 10. Nxd4 Nxd4 11. Qxd4 b5 12. cxb5 axb5 13. Rac1 Ba6 14. Qd2 d5
15. Rfd1 Qb6 16. e3 Rbc8 17. Ne2 b4 18. Nd4 Nd7 19. e4 dxe4 20. Bxe4 Nf6 21.
Nc6 Bc5 22. Bxf6 gxf6 23. Qc2 Rxc6 24. Bxc6 Bd4 25. Qe4 Bxf2+ 26. Kg2 f5 27.
Qf3 Be3 28. Rc2 Bd4 29. Qf4 Bf6 30. Qf2 Qb8 31. Rd7 Bc8 32. Rd3 Ba6 33. Rd7 Bc8
34. Rd3 Ba6 1/2-1/2